[Event "LSS SB-2009-0-00050"]
[Site "LSS email"]
[Date "2009.05.09"]
[Round "?"]
[White "Butsykin, Vitaly A"]
[Black "Roggensack Hanspach, Peter"]
[Result "1/2-1/2"]
[WhiteElo "1900"]
[BlackElo "1965"]
[PlyCount "42"]
[EventDate "2009.04.01"]
[EventType "tourn (corr)"]
[EventRounds "6"]
[EventCountry "GER"]
[SourceTitle "Corr 2011"]
[Source "ChessBase"]
[SourceDate "2010.08.31"]
[SourceVersion "1"]
[SourceVersionDate "2010.08.31"]
[SourceQuality "1"]

1. e4 e5 2. Nf3 Nf6 3. Nxe5 Nxe4 4. Qe2 Qe7 5. Qxe4 d6 6. d4 dxe5 7. dxe5 Nc6 8. Nc3 Qxe5 9. Qxe5+ Nxe5 10. Nb5 Bb4+ 11. Bd2 Bxd2+ 12. Kxd2 Kd8 13. Re1 f6 14. f4 Ng6 15. g3 Bd7 16. Nd4 Re8 17. Bd3 c6 18. Rxe8+ Kxe8 19. Re1+ Kf8 20. Bxg6 hxg6 21. Ne6+ Bxe6 1/2-1/2

[Event "LSS OP-2009-0-00839"]
[Site "LSS email"]
[Date "2009.05.09"]
[Round "?"]
[White "Butsykin, Vitaly A"]
[Black "Vlasov, Andrey"]
[Result "1/2-1/2"]
[WhiteElo "1900"]
[BlackElo "1888"]
[PlyCount "26"]
[EventDate "2009.05.06"]
[EventType "tourn (corr)"]
[EventRounds "4"]
[EventCountry "GER"]
[SourceTitle "Corr 2013"]
[Source "ChessBase"]
[SourceDate "2012.11.12"]
[SourceVersion "1"]
[SourceVersionDate "2012.11.12"]
[SourceQuality "1"]

1. e4 e5 2. Nf3 Nf6 3. Nxe5 d6 4. Nf3 Nxe4 5. Nc3 Nxc3 6. dxc3 Nc6 7. Bf4 Be7 8. Bd3 Bg4 9. h3 Bh5 10. Qe2 Qd7 11. 0-0-0 0-0-0 12. Kb1 Rde8 13. Qe4 Bg5 1/2-1/2